La independencia y la promesa de la vida peruana. Reflexiones en el bicentenario de Junín y Ayacucho : (Registro nro. 21977)

Detalles MARC
000 -Cabecera
Campo de control interno 00992nam a2200277Ia 4500
005 - Fecha y hora del registro
control field 20260320113330.0
008 - Elementos de Longitud Fija
fixed length control field 260320s9999||||xx |||||||||||||| ||und||
020 ## - ISBN
ISBN 9786125165145
041 ## - Idioma
Codigo Idioma ESP
082 ## - DEWEY y NOTACIÓN INTERNA
Dewey 985.04
Notación Interna C265
100 ## - AUTOR
Autor denominación
Término de relación
111 ## - NOMBRE DE EVENTO
Evento III Congreso de Peruanidad
245 #0 - TÍTULO DE MATERIAL BIBLIOGRÁFICO
Título La independencia y la promesa de la vida peruana. Reflexiones en el bicentenario de Junín y Ayacucho :
Título paralelo memorias del III Congreso de Peruanidad
246 ## - TÍTULO TRADUCIDO
Título
Título paralelo
Autor
250 ## - EDICIÓN
Edición Primera edición
260 ## - CIUDAD, EDITORIAL, AÑO
Ciudad Arequipa :
Nombre de la Editorial Universidad Católica San Pablo,
Año 2025
300 ## - DESCRIPCIÓN
N° Páginas 204 páginas :
Otros detalles fotogragías, tablas ;
Dimensiones 24 cm.
Material Adicional
440 ## - MENCIÓN DE SERIE
Título de la Serie
Número de Serie
Volumen de Serie
650 ## - TEMAS
Temas Historia
653 ## - DESCRIPTORES
Lenguajes no controlado Identidad cultural - Perú - Congresos; Perú - Historia - Independencia
654 ## - PROGRAMAS
Programa Dpto. de Humanidades
700 ## - OTROS AUTORES
Otros autores
Títulos y otras palabras asociadas con el nombre
856 ## - URL - UBICACIÓN
URI/URL: Enlace exacto del recurso <a href="https://0u20fmqih-y-https-research-ebsco-com.itmsp.museknowledge.com/c/qxo6us/search">https://0u20fmqih-y-https-research-ebsco-com.itmsp.museknowledge.com/c/qxo6us/search</a>
Nota pública: Versión digital <a href="Véase además: Base de datos EBSCOhost">Véase además: Base de datos EBSCOhost</a>
942 ## - ELEMENTOS DE KOHA
Tipo de documento Libro
Nombre del creador Justo Noguera
Código de catalogador Margarita Torres
Esquema de clasificación Dewey Decimal Classification
Suppress in OPAC
Existencias
Codigo completo Registro Colección Copia número Disponibilidad Tipo de préstamo Biblioteca Actual Procedencia (Biblioteca) Ubicacón Fecha Ingreso Tipo de Adquisición Observación Date last seen Total checkouts Price effective from Tipo de Item Estado del Material Fuente de Clasificación Damaged status Withdrawn status
985.04 C265 1086546 Universidad Católica San Pablo 1 Disponible Disponible Víctor Andrés Belaunde Víctor Andrés Belaunde Planta baja abierta 10/03/2026 Donación Fondo Editorial UCSP 20/03/2026   20/03/2026 Libro Bueno Dewey Decimal Classification